000 03005nam0a2200373 4500
001 RU\NLR\BIBL_A\022173541
005 20240508095129.0
010 _a978-5-9527-0518-0
_9100
021 _aRU
_bКН-П-24-005055
_9КН-П-24-0534
035 _a(NLR Aleph) 022173541
090 _a12959627
_c12959627
100 _a20240320d2023 u y0rusy50 ca
101 0 _arus
102 _aRU
105 _aa j 000yy
181 0 _ai3
_baxxe
182 0 _an
200 1 _aВестибулярная система: клинические синдромы поражения, диагностика и лечение
_eучебное пособие по дисциплине "Неврология" для ординаторов, обучающихся по специальностям "Неврология", "Нейрохирургия", "Терапия", "Общая врачебная практика", "Скорая медицинская помощь"
_fСпирин Н. Н., профессор, доктор медицинских наук, Шипова Е. Г., доцент, кандидат медицинских наук, Киселёв Д. В., доцент, кандидат медицинских наук [и др.]
_gФедеральное государственное бюджетное образовательное учреждение высшего образования Ярославский государственный медицинский университет Министерства здравоохранения Российской Федерации ФГБОУ ВО ЯГМУ Минздрава России, Кафедра нервных болезней с медицинской генетикой и нейрохирургией
203 _aТекст
_bвизуальный
_cнепосредственный
210 _aЯрославль
_cЯГМУ
_d2023
215 _a75 с.
_cил., табл.
_d21
300 _aАвт. указаны на обороте тит. с.
320 _aБиблиогр.: с. 71-75 (44 назв.)
606 1 _aВестибулярный аппарат
_jУчебные издания для последипломного образования
_xБолезни
_91317886
_3RU\NLR\AUTH\66231133
686 1 _aР683.71я77
701 1 _aСпирин
_bН. Н.
_gНиколай Николаевич
701 1 _aШипова
_bЕ. Г.
701 1 _aКиселёв
_bД. В.
_cканд. мед. наук, неврология
_gДмитрий Владимирович
_9266871
_3RU\NLR\AUTH\770266927
712 0 2 _4570
_aЯрославский государственный медицинский университет
_bКафедра нервных болезней с медицинской генетикой и нейрохирургией
_9877661
_3RU\NLR\AUTH\880605810
942 _cBOOK
980 _aNB